Cinéma en images par lettres - A - Statistiques

Statistiques générales
  • Ce quiz a été pris 489 fois
  • Le résultat moyen est 13 sur 24
Statistiques - réponses
Par images Hint Réponse % Correct
Franchise Avatar
96%
Personnage Astérix
95%
Film The Artist
83%
Actrice Jennifer Aniston
79%
Support publicitaire Affiche
78%
Acteur Alexandre Astier
75%
Acteur Ben Affleck
69%
Acteur Daniel Auteuil
63%
Actrice Isabelle Adjani
63%
Personnage Arthur
59%
Film Les Affranchis
55%
Film Anatomie d'une chute
51%
Évènement Avant-première
49%
Film Akira
47%
Réalisateur Wes Anderson
47%
Film Apocalypse Now
46%
Actrice Anémone
41%
Technique Animation
41%
Réalisateur Jacques Audiard
39%
Réalisateur Pedro Almodovar
39%
Film Autant en emporte le vent
27%
Acteur Fred Astaire
25%
Film À bout de souffle
23%
Doubleur Benoît Allemane
9%
Aucun quiz correspondant
Distribution des résultats
% des personnes avec chaque résultat
Percentile par nombre de réponses
Votre historique - résultats
Vous n’avez pas pris ce quiz